To the lighthouse (Record no. 57324)
[ view plain ]
| 000 -LEADER | |
|---|---|
| fixed length control field | 00594nam a2200217Ia 4500 |
| 005 - DATE AND TIME OF LATEST TRANSACTION | |
| control field | 20260629163255.0 |
| 008 - FIXED-LENGTH DATA ELEMENTS--GENERAL INFORMATION | |
| fixed length control field | 260629s9999||||xx |||||||||||||| ||und|| |
| 020 ## - INTERNATIONAL STANDARD BOOK NUMBER | |
| International Standard Book Number | 812480012x |
| Qualifying information | pbk |
| 020 ## - INTERNATIONAL STANDARD BOOK NUMBER | |
| International Standard Book Number | 9788124800126 |
| Qualifying information | pbk |
| 082 ## - DEWEY DECIMAL CLASSIFICATION NUMBER | |
| Classification number | 823.912 |
| Item number | WOO |
| 100 ## - MAIN ENTRY--PERSONAL NAME | |
| Personal name | Woolf, Virginia |
| 245 #0 - TITLE STATEMENT | |
| Title | To the lighthouse |
| 260 ## - PUBLICATION, DISTRIBUTION, ETC. | |
| Place of publication, distribution, etc. | New Delhi |
| Name of publisher, distributor, etc. | Peacock Books |
| Date of publication, distribution, etc. | 2005 |
| 300 ## - PHYSICAL DESCRIPTION | |
| Extent | 224p. ; 18cm. |
| 653 ## - INDEX TERM--UNCONTROLLED | |
| Uncontrolled term | Families—Fiction |
| 653 ## - INDEX TERM--UNCONTROLLED | |
| Uncontrolled term | Isle of Skye (Scotland)—Fiction |
| 653 ## - INDEX TERM--UNCONTROLLED | |
| Uncontrolled term | Married people—Fiction |
| 653 ## - INDEX TERM--UNCONTROLLED | |
| Uncontrolled term | Mothers—Fiction |
| 653 ## - INDEX TERM--UNCONTROLLED | |
| Uncontrolled term | Psychological fiction |
| 942 ## - ADDED ENTRY ELEMENTS (KOHA) | |
| Koha item type | Book |
| Withdrawn status | Lost status | Damaged status | Not for loan | Home library | Current library | Shelving location | Date acquired | Source of acquisition | Total Checkouts | Full call number | Barcode | Date last seen | Price effective from | Koha item type |
|---|---|---|---|---|---|---|---|---|---|---|---|---|---|---|
| LRC, IIT Indore | LRC, IIT Indore | 2nd Floor - General Stack | 29/06/2026 | Gratis Book Price: INR 50.00 | 823.912 WOO | G2549 | 29/06/2026 | 29/06/2026 | Book |
